000 00784nam a22002177a 4500
003 OSt
005 20250813063346.0
008 240620b |||||||| |||| 00| 0 eng d
020 _a9786219599405
040 _aDWCL- Main Lib.
_cOC
082 _aFil. 371.126 P552 2018
100 _aMagno, Carlo
245 _aPhilippine and global perspective on educational assessment /
_cCarlo Magno & Adonis P. David
260 _aQuezon City, Philippines :
_bPhilippine Educational Measurement and Evaluation Association,
_cc2018.
300 _avol.1, 197 pages :
_billustrations ;
_c25cm.
504 _aIncludes bibliographical references.
650 _a1. Educational assessment.
650 _a2. Educational globalization.
700 _aDavid, Adonis P.
942 _2ddc
_cBK - FIL
_kFil.
_n0
999 _c971
_d971